[Event "Basingstoke Spring Bank op U1825"]
[Site "Basingstoke"]
[Date "2018.05.27"]
[Round "4.22"]
[White "Cole, David M"]
[Black "Hatzipanteli, Theodora"]
[Result "1-0"]
[WhiteElo "1286"]
[BlackElo "1521"]
[PlyCount "105"]
[EventDate "2018.05.25"]
[EventType "swiss"]
[EventRounds "7"]
[EventCountry "ENG"]
[SourceTitle "EXT 2023"]
[Source "ChessBase"]
[SourceDate "2022.10.05"]
[SourceVersion "1"]
[SourceVersionDate "2022.10.05"]
[SourceQuality "1"]

1. d4 Nf6 2. c4 g6 3. Nc3 Bg7 4. e4 d6 5. Be2 0-0 6. Be3 e5 7. d5 a5 8. g4 Nfd7 9. h4 h6 10. g5 h5 11. Bxh5 gxh5 12. Qxh5 Qe7 13. Nge2 Nc5 14. 0-0-0 Nba6 15. Ng3 Bh8 16. Nf5 Bxf5 17. exf5 f6 18. g6 Rfd8 19. Qg4 Kf8 20. h5 Ke8 21. h6 Kd7 22. Kc2 Rg8 23. h7 Rge8 24. Bh6 Bg7 25. Qh5 Rad8 26. Bxg7 Qxg7 27. Qh6 Qxh6 28. Rxh6 Nb4+ 29. Kd2 e4 30. g7 Ke7 31. h8Q Rxh8 32. gxh8Q Rxh8 33. Rxh8 Nbd3 34. Rg1 Kf7 35. Rh7+ Kf8 36. Rhg7 Ne5 37. Rg8+ Ke7 38. R1g7+ Nf7 39. Ke3 Nd3 40. b3 c6 41. Nxe4 Nb4 42. a4 cxd5 43. cxd5 Nxd5+ 44. Kd4 Nb4 45. Rc8 Nc6+ 46. Kc3 Ncd8 47. Rh7 Kf8 48. Nxf6 Ke7 49. Rxd8 Kxd8 50. Rxf7 Kc8 51. Nd5 Kb8 52. Rh7 Ka7 53. f6 1-0

[Event "Crawley e2e4 Gatwick op U1650"]
[Site "Crawley"]
[Date "2016.05.28"]
[Round "2"]
[White "Velayudham, Suriya"]
[Black "Cole, David M"]
[Result "0-1"]
[WhiteElo "1041"]
[BlackElo "1472"]
[PlyCount "106"]
[EventDate "2016.05.27"]
[EventType "swiss"]
[EventRounds "7"]
[EventCountry "ENG"]
[SourceTitle "EXT 2019"]
[Source "ChessBase"]
[SourceDate "2018.10.10"]
[SourceVersion "1"]
[SourceVersionDate "2018.10.10"]
[SourceQuality "1"]

1. e4 e6 2. d4 d5 3. exd5 exd5 4. Nc3 Nf6 5. Bf4 Bd6 6. Bg5 Be7 7. Bf4 a6 8. Bb5+ axb5 9. Nxb5 Bd6 10. Qe2+ Be6 11. Bxd6 cxd6 12. Nf3 0-0 13. 0-0 Bg4 14. Qd3 Bxf3 15. Qxf3 Nc6 16. Qg3 Ne4 17. Qf3 Nd2 18. Qxd5 Nxf1 19. Rxf1 Qf6 20. Nxd6 Rad8 21. Qc5 Qxd6 22. Qxd6 Rxd6 23. c3 Re8 24. h3 Re2 25. Rb1 Na5 26. a3 Nb3 27. a4 Ra6 28. Rd1 Rxb2 29. d5 Rd2 30. Re1 Kf8 31. Rb1 Nc5 32. Rb5 Rxd5 33. c4 Rd1+ 34. Kh2 Nxa4 35. Rxb7 Rc6 36. Rb8+ Ke7 37. Rb7+ Ke6 38. Rb8 Rxc4 39. Re8+ Kf6 40. Rh8 h6 41. Ra8 Nc3 42. Ra6+ Ke7 43. Ra7+ Rd7 44. Ra1 Re4 45. f3 Re2 46. Ra3 Nd5 47. Ra4 g5 48. h4 Nf4 49. Re4+ Rxe4 50. fxe4 gxh4 51. g3 Rd2+ 52. Kg1 hxg3 53. Kf1 Rd1# 0-1